Стремление к легитимному управлению. Сравнительный анализ моделей и путей развития

Detalles Bibliográficos
Autor principal: Хэ Циньхуа
Otros Autores: Жэнь Чао
Sumario:Книга на китайском языке.
Lenguaje:chino
Publicado: Пекин, Изд-во Пекинского ун-та, 2005
Materias:
Formato: Libro
KOHA link:https://koha.lib.tpu.ru/cgi-bin/koha/opac-detail.pl?biblionumber=117597

MARC

LEADER 00000nam0a2200000 4500
001 117597
005 20231101215419.0
010 |a 7301097042 
035 |a (RuTPU)RU\TPU\book\127290 
090 |a 117597 
100 |a 20070605d2005 km y0rusy50 ca 
101 0 |a chi 
102 |a CN 
105 |a y z 000zy 
200 1 |a Стремление к легитимному управлению. Сравнительный анализ моделей и путей развития  |f Хэ Циньхуа, Жэнь Чао 
210 |a Пекин  |c Изд-во Пекинского ун-та  |d 2005 
215 |a 251 с. 
300 |a Книга на китайском языке. 
606 1 |a Государство и право отдельных зарубежных стран  |x История  |2 stltpush  |3 (RuTPU)RU\TPU\subj\8390  |9 35807 
606 1 |a Китай  |x Внутренняя политика  |2 stltpush  |3 (RuTPU)RU\TPU\subj\68787  |9 83938 
610 1 |a политика 
610 1 |a власть 
610 1 |a управление 
610 1 |a законы 
610 1 |a право 
610 1 |a государственное управление 
610 1 |a экономика 
610 1 |a развитие 
610 1 |a Китай 
610 1 |a легитимность 
610 1 |a модели 
686 |a Х63(5Кит)  |v LBC/SL-A  |2 rubbk 
686 |a Ф3(5Кит)  |v LBC/SL-A  |2 rubbk 
700 0 |a Хэ Циньхуа 
701 0 |a Жэнь Чао 
801 1 |a RU  |b 63413507  |c 20070605  |g PSBO 
801 2 |a RU  |b 63413507  |c 20220602  |g PSBO 
942 |c BK